Fresh impetus for visa relaxation (Record no. 63296)

MARC details
000 -LEADER
fixed length control field 00863nam a2200157 a 4500
008 - FIXED-LENGTH DATA ELEMENTS--GENERAL INFORMATION
fixed length control field 161108s2015 ||||||||||||||||| || u
050 ## - LIBRARY OF CONGRESS CALL NUMBER
Classification number COMESA(05)FIVR/2015/3
110 ## - MAIN ENTRY--CORPORATE NAME
Corporate name or jurisdiction name as entry element Common Market for Eastern and Southern Africa (COMESA)
245 10 - TITLE STATEMENT
Title Fresh impetus for visa relaxation
Statement of responsibility, etc. Common Market for Eastern and Southern Africa
260 ## - PUBLICATION, DISTRIBUTION, ETC.
Place of publication, distribution, etc. Lusaka
Name of publisher, distributor, etc. Common Market for Eastern and Southern Africa (COMESA)
Date of publication, distribution, etc. 2015
300 ## - PHYSICAL DESCRIPTION
Extent 41p.: ill.
650 #0 - SUBJECT ADDED ENTRY--TOPICAL TERM
Topical term or geographic name entry element AFRICA, EASTERN--ECONOMIC INTEGRATION--PERIODICALS
650 ## - SUBJECT ADDED ENTRY--TOPICAL TERM
Topical term or geographic name entry element AFRICA, SOUTHERN--ECONOMIC INTEGRATION--PERIODICALS
995 ## -
-- SPECIAL COLLECTIONS
-- 2781
-- CBU-MAIN LIBRARY (Kitwe)
-- COMESA(05)FIVR/2015/3A
-- AVAILABLE
-- Nov 8, 2016
-- B2781
-- International Publications
995 ## -
-- SPECIAL COLLECTIONS
-- 2782
-- CBU-MAIN LIBRARY (Kitwe)
-- COMESA(05)FIVR/2015/3B
-- AVAILABLE
-- Nov 8, 2016
-- B2782
-- International Publications
999 ## -
-- 63296
-- 63296
Holdings
Withdrawn status Lost status Source of classification or shelving scheme Damaged status Not for loan Permanent Location Current Location Shelving location Date acquired Total Checkouts Full call number Barcode Date last seen Price effective from Koha item type
          CBU-MAIN LIBRARY, KITWE. CBU-MAIN LIBRARY, KITWE.   12/24/2022   COMESA(05)FIVR/2015/3 B2781 12/24/2022 12/24/2022 MONOGRAPH
          CBU-MAIN LIBRARY, KITWE. CBU-MAIN LIBRARY, KITWE.   12/24/2022   COMESA(05)FIVR/2015/3 B2782 12/24/2022 12/24/2022 MONOGRAPH